| 000 | 00820nam a2200241 a 4500 | ||
|---|---|---|---|
| 001 | 000039937 | ||
| 005 | 20201002033823.0 | ||
| 008 | 130730s1989 mx a 000 0 spa d | ||
| 020 | _a9684514239 | ||
| 040 |
_aDO-SdBNP _bspa _cBNPHU |
||
| 082 |
_a658.15 _bS298a, 1989 |
||
| 100 | 1 |
_aSchall, Lawrence D. _966146 |
|
| 245 | 1 | 0 |
_aAdministración financiera / _cLawrence D. Schall, Charles W. Haley ; traducción Carlos Hugo Giraldo. |
| 250 | _a2a. ed. | ||
| 260 |
_aMéxico : _bMcGraw-Hill, _c1989. |
||
| 300 |
_a866 p. ; _c24 cm. |
||
| 500 | _aIncluye índice | ||
| 500 | _aIncluye referencias bibliográficas y notas al pie de las páginas | ||
| 504 | _aBibliografía: p. 834-840 | ||
| 650 | 4 |
_aAdministración financiera _96342 |
|
| 700 | 1 | 2 |
_aHaley, Charles W. _966147 |
| 910 | _aValidado. Control de calidad MFF | ||
| 999 |
_c39427 _d39427 |
||